Paises que hacen frontera con miembros de la OTAN - Estadísticas

Estadísticas generales
  • Esta prueba ha sido intentada 17 veces
    8 desde el último reinicio
  • La puntuación promedio es 19 de 23
Estadísticas de respuestas
Continente Países % Correcto
. Rusia
100%
Ucrania
100%
Andorra
86%
Armenia
86%
Austria
86%
Bielorrusia
86%
Ciudad del Vaticano
86%
Georgia
86%
Irán
86%
Kosovo
86%
México
86%
Mónaco
86%
San Marino
86%
Serbia
86%
Siria
86%
Suiza
86%
Bosnia y Herzegovina
71%
Chipre
71%
Irak
71%
Irlanda
71%
Liechtenstein
71%
Moldavia
57%
Azerbayán
43%
No se encontraron pruebas coincidentes
Distribución de puntuación
Porcentaje de gente con cada puntuación
Porcentaje por número respondido
Historial de tus puntuaciones
No has intentado esta prueba desde el último reinicio